Conceptualización del desarrollo territorial a partir de identidades y culturas locales

Uloženo v:
Podrobná bibliografie
Korporativní autor: Ministerio de Planificación y Cooperación (Autor)
Médium: Kniha
Jazyk:španělština
Vydáno: Santiago MIDEPLAN 2005
Témata:
Tagy: Přidat tag
Žádné tagy, Buďte první, kdo vytvoří štítek k tomuto záznamu!

MARC

LEADER 00000nam a2200000 a 4500
001 UCK3730
003 CL-VaPUC
008 050506e20050000CL |||||||||||||||||spa|d
082 0 4 |a 307.1412  |b MIN  |2 21 
110 2 |a Ministerio de Planificación y Cooperación  |e author  |9 491977 
245 1 0 |a Conceptualización del desarrollo territorial a partir de identidades y culturas locales 
300 |a 76 p 
942 |c BK 
945 |d 20050506 00:00:00  |a jcarroza 
260 |a Santiago  |b MIDEPLAN  |c 2005 
650 0 |a Planificación regional   |9 257050 
650 7 |a DESARROLLO RURAL  |2 CL-VaPUC  |9 491978 
651 7 |a CHILE  |2 CL-VaPUC  |9 491979 
583 |a last modification  |c 20050506 00:00:00  |k Rodrigo Vera 
999 |c 312824  |d 312822 
952 |0 0  |1 0  |4 0  |6 307_141200000000000_MIN_2005  |7 0  |8 A  |9 383662  |a BIBGIM  |b BIBGIM  |d 2019-11-21  |i 4119665  |o 307.1412 MIN 2005  |p 4119665  |r 2025-01-15  |w 2019-11-21  |y BK  |k GIM